Australia by Letter - M - Statistics

General Stats
  • This quiz has been taken 18 times
  • The average score is 8 of 10
Answer Stats
Hint Answer % Correct
Type of mammal (such as a kangaroo or wombat) which carries its young in a pouch Marsupial
100%
Capital of Victoria and (just barely) Australia's largest city Melbourne
100%
What an Australian might call their friend Mate
94%
Waltzing _______, Banjo Patterson's iconic song Matilda
94%
Opera singer Dame Nellie _____, or a peach dessert named after her Melba
89%
First name of Prime Ministers Fraser and Turnbull Malcolm
83%
Sir Robert _______, Australia's longest serving Prime Minister Menzies
61%
Lachlan _________, 5th Govenor of New South Wales, who gave his name to a Port, Lake, River and Island, among others Macquarie
56%
Type of mammal which lays eggs; the platypus and echidna are the only living examples Monotreme
56%
Regional centre on Queensland's coast, just south of the Whitsundays Mackay
33%
No matching quizzes found
Score Distribution
Percent of People with Each Score
Percentile by Number Answered
Your Score History
You have not taken this quiz